000 01012nam a2200289 c 4500
003 BLK
005 20230404030332.0
008 180409b bul|||||r ||||||| ||bul||
010 _aKNG00106626000
020 _a954-491-064-6
_bиздат.: Жанет 45
040 _aBLK
041 _aBUL
_cBUL
080 _aБългарска литература
_b821.163.2
_x-93-1
_z821.163.2-93-1
100 1 _aЦанев, Стефан Неделчев
_d1936-
_gПисател, поет, драматург.
_9364639
700 1 _aЩипков, Чавдар
_eхудож.
_9144645
139 _aЦанев, Стефан Неделчев
_bЦ 16
245 1 0 _aАнини приказки
_bПоеми за деца
_cСтефан Неделчев Цанев; худож. Чавдар Щипков.
257 _aBGR
260 Пловдив
_bЖанет 45
_c2000
300 _a52 с.
_bс цв. ил
_c21Х25 см
380 _aDX
852 _aЦб 215115
856 4 _qpdf
_u
856 4 _qpdf
_u
942 _cKNG
_n0
_02
944 _aCR
_c01.01.2000
_k
944 _aED
_c17.06.2003
_k
999 _c101576
_d101576